000 01217cab a2200289 4500
001 ABS54805
008 090401t1996 xxu||||| |||| 00| 0 eng d
035 _a(Sirsi) u12335
041 _aeng
100 _aEade, C.
245 _aHome help
260 _c1996
350 _a0
490 _aProperty Week
_v54(13) 28 March 1996, 38-43(4)
520 _aMany independent mortgage valuers are participating in panel management schemes such as those operated by Countrywide Surveyors and the Britannia Building Society. Key to the system is the use of IT and the flexible approach to working - Britannia`s team of in-house valuers have no office; they work from their cars and their homes. Building Society. Looks at interest in residential development by overseas investors and mixed-use planning for inner city development.
650 _aFLEXIBLE WORKING
650 _aINDEPENDENT SURVEYORS
650 _aMIXED-USE DEVELOPMENTS
650 _aMORTGAGE VALUATIONS
650 _aMORTGAGE VALUERS
650 _aPANEL MANAGEMENT
650 _aRESIDENTIAL DEVELOPMENT
650 _aSOLE PRACTITIONERS
690 _aMANAGEMENT-BUSINESS MANAGEMENT-PROFESSIONAL PRACTICE
942 _n0
948 _c04/03/1997
999 _c7888
_d7888